000
00348 a2200169 4500
001
190071
020
_a
978-85-2628-462-3
040
_c
Magnum
100
_a
Luz, Antônio Máximo Ribeiro da
240
1
0
_a
Física 2
_l
por
245
1
0
_a
Física 2
300
_a
368
362
0
_a
2011
440
1
_a
Scipione
697
_a
FÍSICA
942
_c
BK
999
_c
190071
_d
190071